[Event "Kostroma Volga Cup op"]
[Site "Kostroma"]
[Date "2010.07.??"]
[Round "4"]
[White "Suharukova, Anastasia"]
[Black "Sobiev, Dmitry M"]
[Result "1-0"]
[WhiteElo "2051"]
[BlackElo "1817"]
[PlyCount "53"]
[EventDate "2010.07.??"]
[EventType "swiss"]
[EventRounds "9"]
[EventCountry "RUS"]
[SourceTitle "EXT 2011"]
[Source "ChessBase"]
[SourceDate "2010.11.26"]
[SourceVersion "1"]
[SourceVersionDate "2010.11.26"]
[SourceQuality "1"]

1. e4 e6 2. d4 d5 3. Nd2 dxe4 4. Nxe4 Bd7 5. Nf3 Bc6 6. Ng3 Nf6 7. Be2 Nbd7 8. 0-0 h5 9. Bg5 Be7 10. Ne5 Be4 11. Nxd7 Qxd7 12. Bxf6 Bxg2 13. Bxg7 Bxf1 14. Bxh8 Bxe2 15. Qxe2 h4 16. Ne4 0-0-0 17. Be5 f5 18. Nd2 Qe8 19. f4 h3 20. Kh1 c5 21. c3 Qc6+ 22. Qf3 Qb5 23. b3 Qa5 24. Nc4 Qa6 25. Qxh3 Rg8 26. Qf3 b5 27. Qa8+ 1-0

[Event "Kostroma Volga Cup op"]
[Site "Kostroma"]
[Date "2010.07.??"]
[Round "1"]
[White "Suharukova, Anastasia"]
[Black "Tereshechkina, Maya"]
[Result "1-0"]
[WhiteElo "2051"]
[BlackElo "2016"]
[PlyCount "115"]
[EventDate "2010.07.??"]
[EventType "swiss"]
[EventRounds "9"]
[EventCountry "RUS"]
[SourceTitle "EXT 2011"]
[Source "ChessBase"]
[SourceDate "2010.11.26"]
[SourceVersion "1"]
[SourceVersionDate "2010.11.26"]
[SourceQuality "1"]

1. e4 c5 2. Nf3 d6 3. c3 Nf6 4. Bc4 e6 5. Qe2 Be7 6. 0-0 0-0 7. d4 d5 8. exd5 exd5 9. Bb3 b6 10. Re1 Re8 11. Bg5 Ba6 12. Qd1 c4 13. Bc2 Nbd7 14. Ne5 Qc7 15. Nd2 Bb7 16. Ndf3 Ne4 17. Nxd7 Bxg5 18. Nxg5 Qxd7 19. Nf3 f6 20. Nd2 b5 21. Nf1 a5 22. a3 g6 23. Qf3 Kg7 24. h4 Re7 25. Re3 Rae8 26. Rae1 Qd6 27. Qe2 f5 28. f3 f4 29. fxe4 fxe3 30. e5 Qe6 31. Nxe3 Kh8 32. Rf1 Rf7 33. Ng4 h5 34. Rxf7 Qxf7 35. Ne3 Rf8 36. g3 Bc8 37. Qf1 Qg8 38. Qg2 Be6 39. Bd1 Qf7 40. Qf1 Qg7 41. Qg2 Qh6 42. Qe2 Kh7 43. Bc2 Kg7 44. Qe1 g5 45. Ng2 gxh4 46. Nxh4 Qg5 47. Kg2 Kh6 48. Nf3 Bh3+ 49. Kxh3 Qg4+ 50. Kh2 Rxf3 51. Bd1 Kg7 52. Bxf3 Qxf3 53. Kg1 h4 54. gxh4 Qg4+ 55. Kh2 Kf8 56. Qg3 Qe2+ 57. Qg2 Qe3 58. Qxd5 1-0

[Event "Kostroma Volga Cup op"]
[Site "Kostroma"]
[Date "2010.07.??"]
[Round "7"]
[White "Suharukova, Anastasia"]
[Black "Valiullina, Luiza"]
[Result "0-1"]
[WhiteElo "2051"]
[BlackElo "1902"]
[PlyCount "80"]
[EventDate "2010.07.??"]
[EventType "swiss"]
[EventRounds "9"]
[EventCountry "RUS"]
[SourceTitle "EXT 2011"]
[Source "ChessBase"]
[SourceDate "2010.11.26"]
[SourceVersion "1"]
[SourceVersionDate "2010.11.26"]
[SourceQuality "1"]

1. e4 c5 2. c3 d6 3. d4 Nf6 4. dxc5 dxc5 5. Qxd8+ Kxd8 6. e5 Nd5 7. Bc4 e6 8. Nf3 Be7 9. 0-0 Kc7 10. Bg5 h6 11. Bxe7 Nxe7 12. Na3 a6 13. Be2 b5 14. b4 Nd5 15. Rfc1 c4 16. Nd4 Nc6 17. Ndxb5+ axb5 18. Nxb5+ Kb6 19. Bxc4 Nxe5 20. Bf1 Bd7 21. Nd6 Kc7 22. Ne4 Ra3 23. f4 Nxf4 24. c4 Nfd3 25. Rcb1 Rha8 26. c5 R8a4 27. Nd6 Rxb4 28. Rxb4 Nxb4 29. Rb1 Nd5 30. Rb2 Rc3 31. Rb7+ Kd8 32. Rb1 Ke7 33. Ne4 Rc2 34. a3 Nc3 35. Re1 Nxe4 36. Rxe4 Rxc5 37. a4 Ra5 38. Bb5 f6 39. Rb4 Bxb5 40. axb5 Ra1+ 0-1

[Event "Voronezh op-B"]
[Site "Voronezh"]
[Date "2008.06.18"]
[Round "7"]
[White "Matveenko, Yury"]
[Black "Suharukova, Anastasia"]
[Result "1-0"]
[WhiteElo "2148"]
[BlackElo "2054"]
[PlyCount "57"]
[EventDate "2008.06.12"]
[EventType "swiss"]
[EventRounds "9"]
[EventCountry "RUS"]
[SourceTitle "CBM 125 Extra"]
[Source "ChessBase"]
[SourceDate "2008.09.01"]
[SourceVersion "1"]
[SourceVersionDate "2008.09.01"]
[SourceQuality "1"]

1. b4 e6 2. Bb2 Nf6 3. b5 d5 4. e3 Be7 5. Nf3 0-0 6. d4 c6 7. a4 a6 8. bxc6 Nxc6 9. Nbd2 Bd7 10. Be2 Rc8 11. 0-0 h6 12. c4 dxc4 13. Nxc4 Nd5 14. Qb3 b5 15. axb5 axb5 16. Nce5 b4 17. Nxd7 Qxd7 18. Bb5 Qd8 19. Rfc1 Na5 20. Qa4 Ra8 21. Ne5 Nb6 22. Qd1 Qd5 23. Qe2 Nb3 24. Rxa8 Qxa8 25. Rc6 Qa2 26. g3 Na4 27. Bxa4 Qxa4 28. Ra6 Qe8 29. Qd3 1-0

[Event "Voronezh op-B"]
[Site "Voronezh"]
[Date "2008.06.14"]
[Round "3"]
[White "Kasantsev, Anatolij B"]
[Black "Suharukova, Anastasia"]
[Result "1-0"]
[WhiteElo "2109"]
[BlackElo "2054"]
[PlyCount "141"]
[EventDate "2008.06.12"]
[EventType "swiss"]
[EventRounds "9"]
[EventCountry "RUS"]
[SourceTitle "CBM 125 Extra"]
[Source "ChessBase"]
[SourceDate "2008.09.01"]
[SourceVersion "1"]
[SourceVersionDate "2008.09.01"]
[SourceQuality "1"]

1. d4 d5 2. c4 c6 3. e3 Nf6 4. Nf3 e6 5. Nc3 Bb4 6. a3 Ba5 7. Bd3 dxc4 8. Bxc4 Ne4 9. Qc2 Nxc3 10. bxc3 Nd7 11. 0-0 0-0 12. Bd3 h6 13. Rd1 Bc7 14. c4 Qf6 15. Bb2 e5 16. a4 Re8 17. Re1 Qe7 18. Ba3 Bd6 19. Bxd6 Qxd6 20. Rad1 Qe7 21. Bf5 e4 22. Nd2 Nf6 23. Bxc8 Raxc8 24. Rb1 Qc7 25. Rb2 Ng4 26. Nf1 Qd7 27. a5 Rc7 28. Reb1 Re7 29. c5 Nf6 30. Nd2 Qe6 31. Nc4 Ne8 32. Qa4 f6 33. Qb3 Kh7 34. Qa4 h5 35. Qc2 g6 36. Qb3 Qd7 37. Qa3 Re6 38. a6 bxa6 39. Qxa6 Re7 40. h3 Qc8 41. Qxc8 Rxc8 42. Rb7 Rcc7 43. Rxc7 Rxc7 44. Na5 Ng7 45. Rb8 Nf5 46. Re8 Ne7 47. Kf1 Kg7 48. Ke2 Kf7 49. Rb8 Nd5 50. f3 f5 51. fxe4 fxe4 52. h4 Ke6 53. Re8+ Kf7 54. Rd8 Ne7 55. Rd6 a6 56. Kf2 Nf5 57. Rxc6 Rxc6 58. Nxc6 Nxh4 59. d5 Nf5 60. Ne5+ Ke8 61. Nxg6 a5 62. Ne5 a4 63. Nc4 h4 64. Ke2 Ne7 65. d6 Nd5 66. Kd2 Kd7 67. Kc1 a3 68. Ne5+ Kd8 69. c6 Kc8 70. Nf7 Nf6 71. Kb1 1-0

[Event "Voronezh City-ch (Women)"]
[Site "Voronezh"]
[Date "2007.12.16"]
[Round "11"]
[White "Sharykina, Rimma"]
[Black "Suharukova, Anastasia"]
[Result "0-1"]
[WhiteElo "1835"]
[BlackElo "2020"]
[PlyCount "64"]
[EventDate "2007.12.04"]
[EventType "tourn"]
[EventRounds "11"]
[EventCountry "RUS"]
[SourceTitle "CBM 122 Extra"]
[Source "ChessBase"]
[SourceDate "2008.03.04"]
[SourceVersion "1"]
[SourceVersionDate "2008.03.04"]
[SourceQuality "1"]

1. e4 e5 2. Nf3 Nc6 3. Nc3 Nf6 4. Bc4 Nxe4 5. Bxf7+ Kxf7 6. Nxe4 d5 7. Ng3 Bd6 8. 0-0 Rf8 9. d3 h6 10. c3 Be6 11. Be3 Kg8 12. h3 Qf6 13. Nh2 Rad8 14. Qe2 Qg6 15. Rfe1 Ne7 16. a3 Nf5 17. Qh5 Qh7 18. Nhf1 Nxe3 19. Rxe3 Rf6 20. Rae1 Rdf8 21. Qe2 Bd7 22. Qd2 Rxf2 23. Qxf2 Rxf2 24. Kxf2 Bc5 25. d4 exd4 26. Re5 dxc3+ 27. Ke2 cxb2 28. Nd2 Bb5+ 29. Kd1 b1Q+ 30. Nxb1 Qxb1+ 31. Kd2 Qb2+ 32. Kd1 Ba4# 0-1